[Event "Moscow Aeroflot op-B"]
[Site "Moscow"]
[Date "2020.02.27"]
[Round "9"]
[White "Utegaliev, Azamat"]
[Black "Bogdanovich, Stanislav"]
[Result "0-1"]
[WhiteElo "2491"]
[BlackElo "2546"]
[PlyCount "60"]
[EventDate "2020.02.19"]
[EventType "swiss"]
[EventRounds "9"]
[EventCountry "RUS"]
[SourceTitle "CBM 195 Extra"]
[Source "ChessBase"]
[SourceDate "2020.05.31"]
[SourceVersion "1"]
[SourceVersionDate "2020.05.31"]
[SourceQuality "1"]

1. b3 d5 2. Bb2 Bg4 3. g3 Nc6 4. d4 Nf6 5. Bg2 Qd7 6. Nf3 Bh3 7. 0-0 Ne4 8. Bxh3 Qxh3 9. c4 e6 10. Nbd2 f5 11. Rc1 h5 12. Nxe4 fxe4 13. Ng5 Qg4 14. h4 Be7 15. cxd5 exd5 16. Rxc6 bxc6 17. Qc2 Qd7 18. Bc1 0-0 19. Kg2 Bd6 20. Be3 Rf6 21. Rc1 Ba3 22. Rb1 a5 23. Qd2 Bb4 24. Qc2 Raf8 25. Rh1 Bd6 26. Qd2 Qg4 27. Nh3 Rf5 28. Rc1 Rxf2+ 29. Nxf2 Qxg3+ 30. Kf1 Qh2 0-1

[Event "Moscow Aeroflot op-B"]
[Site "Moscow"]
[Date "2020.02.26"]
[Round "8"]
[White "Bogdanovich, Stanislav"]
[Black "Muradli, Mahammad"]
[Result "1-0"]
[WhiteElo "2546"]
[BlackElo "2427"]
[PlyCount "97"]
[EventDate "2020.02.19"]
[EventType "swiss"]
[EventRounds "9"]
[EventCountry "RUS"]
[SourceTitle "CBM 195 Extra"]
[Source "ChessBase"]
[SourceDate "2020.05.31"]
[SourceVersion "1"]
[SourceVersionDate "2020.05.31"]
[SourceQuality "1"]

1. d4 d5 2. c4 e6 3. Nc3 Be7 4. cxd5 exd5 5. Bf4 c6 6. Qc2 Nf6 7. h3 g6 8. e3 Bf5 9. Qd2 Bd6 10. Bxd6 Qxd6 11. g4 Be6 12. Bg2 Nbd7 13. Nge2 0-0-0 14. 0-0-0 Kb8 15. Kb1 h5 16. f3 hxg4 17. hxg4 g5 18. Ka1 Rh2 19. Rxh2 Qxh2 20. Nc1 Nf8 21. Rh1 Qd6 22. Bf1 Ng6 23. Bd3 Nh4 24. Qf2 Re8 25. Bb1 Nd7 26. f4 f6 27. e4 Bxg4 28. exd5 Nf3 29. Be4 f5 30. Bxf3 Qxf4 31. Rf1 Bxf3 32. Nd3 Qg4 33. Qxf3 Qxf3 34. Rxf3 f4 35. dxc6 bxc6 36. Kb1 Nf6 37. Rf1 Re3 38. Kc2 Rg3 39. Ne5 Kc7 40. Rh1 f3 41. Rh6 Ng4 42. Rh7+ Kd8 43. Nxc6+ Ke8 44. Ne4 Rg2+ 45. Kb3 f2 46. Nd6+ Kf8 47. Rf7+ Kg8 48. Ne7+ Kh8 49. Ndf5 1-0

[Event "Moscow Aeroflot op-B"]
[Site "Moscow"]
[Date "2020.02.23"]
[Round "5"]
[White "Ivanov, Oleg V"]
[Black "Bogdanovich, Stanislav"]
[Result "1/2-1/2"]
[WhiteElo "2441"]
[BlackElo "2546"]
[PlyCount "120"]
[EventDate "2020.02.19"]
[EventType "swiss"]
[EventRounds "9"]
[EventCountry "RUS"]
[SourceTitle "CBM 195"]
[Source "ChessBase"]
[SourceDate "2020.04.30"]
[SourceVersion "1"]
[SourceVersionDate "2020.04.30"]
[SourceQuality "1"]

1. e4 c5 2. Nf3 Nc6 3. d4 cxd4 4. Nxd4 Qb6 5. Nb3 Nf6 6. Nc3 e6 7. Bd3 a6 8. Be3 Qc7 9. f4 d6 10. g4 g5 11. fxg5 Nd7 12. Ne2 Bg7 13. c3 Nce5 14. Ng3 Nxd3+ 15. Qxd3 Ne5 16. Qe2 Qc4 17. Bd4 b5 18. Nh5 Nd3+ 19. Kd2 Bxd4 20. Qxd3 Qxd3+ 21. Kxd3 Be5 22. Nd4 Rg8 23. h4 Bb7 24. Rhf1 Ke7 25. Nf3 h6 26. Nxe5 dxe5 27. Rf2 hxg5 28. Raf1 f5 29. gxf5 Raf8 30. hxg5 Rxg5 31. fxe6 Rxf2 32. Rxf2 Rxh5 33. Rf7+ Kxe6 34. Rxb7 Rh2 35. Rb6+ Kd7 36. Rxa6 Rxb2 37. a3 Rh2 38. Rb6 Rh3+ 39. Ke2 Rh2+ 40. Kd3 Rh3+ 41. Kc2 Rh4 42. Rxb5 Rxe4 43. Kb3 Kc6 44. Rb4 Re1 45. Kc4 e4 46. Rb2 e3 47. Ra2 Rh1 48. Re2 Rh4+ 49. Kd3 Kc5 50. Re1 Rg4 51. Rb1 Rg2 52. Ra1 e2 53. a4 Rg3+ 54. Kd2 Kc4 55. Ra3 Re3 56. Ke1 Re7 57. a5 Kd3 58. a6 Ra7 59. c4+ Kxc4 60. Kxe2 Kb5 1/2-1/2

[Event "Mumbai Wealth op 5th"]
[Site "Mumbai"]
[Date "2020.01.06"]
[Round "8"]
[White "Bogdanovich, Stanislav"]
[Black "Nitin, Senthilvel"]
[Result "1-0"]
[WhiteElo "2562"]
[BlackElo "2329"]
[PlyCount "69"]
[EventDate "2019.12.30"]
[EventType "swiss"]
[EventRounds "9"]
[EventCountry "IND"]
[SourceTitle "CBM 194 Extra"]
[Source "ChessBase"]
[SourceDate "2020.03.31"]
[SourceVersion "1"]
[SourceVersionDate "2020.03.31"]
[SourceQuality "1"]

1. d4 Nf6 2. c4 g6 3. Nc3 Bg7 4. e4 d6 5. h3 0-0 6. Be3 Na6 7. Nf3 c6 8. g4 e5 9. d5 Nc5 10. Nd2 a5 11. Be2 Bd7 12. Rc1 a4 13. g5 Ne8 14. h4 Nc7 15. h5 N7a6 16. Nf1 Qa5 17. Qd2 a3 18. b3 Nb4 19. Ng3 cxd5 20. h6 Bh8 21. Nxd5 Nxd5 22. Qxa5 Rxa5 23. cxd5 Raa8 24. Bxc5 dxc5 25. Rxc5 Rfc8 26. Rxc8+ Rxc8 27. Kd2 f6 28. Nf1 fxg5 29. Ne3 Bf6 30. Bg4 Bxg4 31. Nxg4 Be7 32. Rc1 Rxc1 33. Kxc1 Bd6 34. Kc2 b5 35. Kc3 1-0

[Event "Mumbai Wealth op 5th"]
[Site "Mumbai"]
[Date "2020.01.04"]
[Round "6"]
[White "Bogdanovich, Stanislav"]
[Black "Das, Sayantan"]
[Result "1/2-1/2"]
[WhiteElo "2562"]
[BlackElo "2440"]
[PlyCount "173"]
[EventDate "2019.12.30"]
[EventType "swiss"]
[EventRounds "9"]
[EventCountry "IND"]
[SourceTitle "CBM 194 Extra"]
[Source "ChessBase"]
[SourceDate "2020.03.31"]
[SourceVersion "1"]
[SourceVersionDate "2020.03.31"]
[SourceQuality "1"]

1. b3 e5 2. Bb2 d6 3. g3 g6 4. Bg2 Bg7 5. c4 f5 6. e3 Nf6 7. Ne2 0-0 8. Nbc3 c6 9. d4 Na6 10. a3 Nc7 11. b4 Be6 12. d5 cxd5 13. cxd5 Bf7 14. 0-0 e4 15. Rc1 Nfxd5 16. Nxd5 Nxd5 17. Bxg7 Kxg7 18. g4 Qf6 19. Ng3 Kh8 20. Bh3 Qh4 21. Bg2 Qf6 22. Qd2 Qe5 23. Rfd1 Rad8 24. Qd4 Be6 25. gxf5 gxf5 26. Bh3 Qxd4 27. Rxd4 Ne7 28. Nxe4 fxe4 29. Bxe6 Rf6 30. Bb3 d5 31. Rc7 Rg8+ 32. Kf1 Rgf8 33. Rd2 Nf5 34. Ke2 Nxe3 35. Kxe3 Rf3+ 36. Ke2 Rxb3 37. Rxd5 Rxa3 38. Rh5 Rff3 39. Rhxh7+ Kg8 40. Rcg7+ Kf8 41. Rxb7 Ra2+ 42. Ke1 Ra1+ 43. Kd2 Ra2+ 44. Kc1 Kg8 45. Rbg7+ Kf8 46. Rxa7 Rxa7 47. Rxa7 Rxf2 48. b5 Rf6 49. Ra4 e3 50. Kd1 Rf1+ 51. Ke2 Rb1 52. Ra5 Rb3 53. h4 Kg7 54. Ra7+ Kg6 55. Rb7 Kh6 56. Kf3 Kg6 57. Rb8 Kh6 58. Rh8+ Kg6 59. Rg8+ Kh5 60. Rb8 Kh6 61. Rh8+ Kg6 62. Rg8+ Kh5 63. Rg5+ Kh6 64. Ke2 Kh7 65. Re5 Kg6 66. Kd1 Kf6 67. Rc5 Rb2 68. Ke1 Kg6 69. Rd5 e2 70. Re5 Kh6 71. Rf5 Kg6 72. Rc5 Kh6 73. Rg5 Kh7 74. Kf2 Kh6 75. Rf5 Kg6 76. Re5 Kh6 77. Rc5 Kg6 78. Rc6+ Kh5 79. b6 Kxh4 80. Rh6+ Kg5 81. Re6 Kf5 82. Rd6 Ke5 83. Rc6 Kd5 84. Rh6 Kc5 85. Re6 Rxb6 86. Rxb6 Kxb6 87. Kxe2 1/2-1/2

[Event "Mumbai Wealth op 5th"]
[Site "Mumbai"]
[Date "2019.12.31"]
[Round "2"]
[White "Bogdanovich, Stanislav"]
[Black "Kulkarni, Vikramaditya"]
[Result "1-0"]
[WhiteElo "2562"]
[BlackElo "2328"]
[PlyCount "95"]
[EventDate "2019.12.30"]
[EventType "swiss"]
[EventRounds "9"]
[EventCountry "IND"]
[SourceTitle "CBM 194 Extra"]
[Source "ChessBase"]
[SourceDate "2020.03.31"]
[SourceVersion "1"]
[SourceVersionDate "2020.03.31"]
[SourceQuality "1"]

1. Nf3 e6 2. g3 d5 3. Bg2 c5 4. c4 d4 5. 0-0 Nc6 6. d3 Bd6 7. e3 dxe3 8. Bxe3 Nge7 9. d4 Nf5 10. d5 Nxe3 11. fxe3 Na5 12. b4 Nxc4 13. bxc5 Nxe3 14. Qd3 Nxf1 15. cxd6 Qxd6 16. Nc3 exd5 17. Rxf1 Be6 18. Ng5 Qc5+ 19. Kh1 Qc4 20. Qb1 Qc6 21. Nxe6 fxe6 22. Nxd5 exd5 23. Qf5 Qd6 24. Re1+ Kd8 25. Qg5+ Kc8 26. Qxg7 Rd8 27. Re7 Qc6 28. Bh3+ Kb8 29. Qe5+ Qd6 30. Qxd6+ Rxd6 31. Re8+ Kc7 32. Rxa8 Ra6 33. Rc8+ Kd6 34. Rc2 Ke5 35. Bf1 Ra3 36. Re2+ Kd4 37. Rd2+ Ke3 38. Rxd5 Rxa2 39. Kg1 Rb2 40. Rd3+ Ke4 41. Ra3 a6 42. Bd3+ Kd4 43. Bxh7 Kc5 44. Be4 Rb4 45. Bxb7 Rxb7 46. Rxa6 Rb2 47. Rf6 Kd4 48. Rf2 1-0

[Event "Mumbai Wealth op 5th"]
[Site "Mumbai"]
[Date "2019.12.30"]
[Round "1"]
[White "Souhardo, Basak"]
[Black "Bogdanovich, Stanislav"]
[Result "0-1"]
[WhiteElo "2254"]
[BlackElo "2562"]
[PlyCount "60"]
[EventDate "2019.12.30"]
[EventType "swiss"]
[EventRounds "9"]
[EventCountry "IND"]
[SourceTitle "CBM 194 Extra"]
[Source "ChessBase"]
[SourceDate "2020.03.31"]
[SourceVersion "1"]
[SourceVersionDate "2020.03.31"]
[SourceQuality "1"]

1. e4 c5 2. Nf3 Nc6 3. d4 cxd4 4. Nxd4 g6 5. Be3 Nf6 6. Nc3 Bg7 7. Be2 0-0 8. 0-0 d5 9. Nxc6 bxc6 10. e5 Ne8 11. f4 f6 12. Bd4 fxe5 13. fxe5 Rxf1+ 14. Bxf1 Nc7 15. Na4 Ne6 16. Qd2 Nxd4 17. Qxd4 Rb8 18. b4 Qd6 19. c3 Bxe5 20. Qxa7 Bxh2+ 21. Kh1 g5 22. Be2 Qh6 23. Bf3 g4 24. Bd1 Bg3+ 25. Kg1 Qh2+ 26. Kf1 Ba6+ 27. Qxa6 Qh1+ 28. Ke2 Qe1+ 29. Kd3 Qe4+ 30. Kd2 Bf4# 0-1

[Event "Bhopal op"]
[Site "Bhopal"]
[Date "2019.12.24"]
[Round "6"]
[White "Bogdanovich, Stanislav"]
[Black "Venkatesh, Marani Rajendran"]
[Result "1-0"]
[WhiteElo "2562"]
[BlackElo "2491"]
[PlyCount "97"]
[EventDate "2019.12.21"]
[EventType "swiss"]
[EventRounds "10"]
[EventCountry "IND"]
[SourceTitle "CBM 194 Extra"]
[Source "ChessBase"]
[SourceDate "2020.03.31"]
[SourceVersion "1"]
[SourceVersionDate "2020.03.31"]
[SourceQuality "1"]

1. e4 e5 2. Nf3 Nc6 3. Bc4 Nf6 4. d3 Bc5 5. c3 a6 6. Bb3 Ba7 7. 0-0 d6 8. Re1 h6 9. Nbd2 0-0 10. Nf1 Be6 11. Bxe6 fxe6 12. Ng3 Qd7 13. h3 Ne7 14. d4 Ng6 15. Be3 Qc6 16. Qb3 Rfe8 17. Rad1 Qb5 18. Qc2 a5 19. a4 Qa6 20. Qb3 Rab8 21. dxe5 dxe5 22. Bxa7 Qxa7 23. Qb5 Rbd8 24. Nf1 c6 25. Qb3 Nd7 26. Ne3 Nc5 27. Qc4 Rb8 28. Rd6 b5 29. Qa2 Qc7 30. Red1 Nf8 31. axb5 cxb5 32. Ng4 Rbd8 33. Rxd8 Rxd8 34. Ra1 a4 35. Ngxe5 Nxe4 36. Re1 Nc5 37. Nd4 Qb7 38. Qa3 Rd5 39. Nec6 Ng6 40. Qa2 Nf4 41. g3 Nxh3+ 42. Kg2 Ng5 43. Ne7+ Qxe7 44. Qxd5 Nd3 45. Qa8+ Kh7 46. Re3 Nxb2 47. f4 Nc4 48. Re2 Nf7 49. Rxe6 1-0

[Event "Titled Tuesday intern op 3rd Sept"]
[Site "Chess.com INT"]
[Date "2019.09.03"]
[Round "4"]
[White "Semjonovs, Ilja"]
[Black "Bogdanovich, Stanislav"]
[Result "1-0"]
[WhiteElo "2357"]
[BlackElo "2616"]
[PlyCount "119"]
[EventDate "2019.09.03"]
[EventType "swiss (blitz)"]
[EventRounds "10"]
[EventCountry "USA"]
[SourceTitle "EXT 2021"]
[Source "ChessBase"]
[SourceDate "2020.10.23"]
[SourceVersion "1"]
[SourceVersionDate "2020.10.23"]
[SourceQuality "1"]

1. e4 c5 2. Nf3 Nc6 3. Nc3 g6 4. d4 cxd4 5. Nxd4 Bg7 6. Be3 Nf6 7. Bc4 Qa5 8. 0-0 0-0 9. Bb3 d6 10. f3 Bd7 11. Qd2 Rfc8 12. Nxc6 Bxc6 13. Rad1 Nd7 14. Bd4 Bxd4+ 15. Qxd4 Qc5 16. Qxc5 Nxc5 17. Bd5 Kf8 18. Rd2 Bxd5 19. exd5 Rab8 20. Re1 b5 21. Ne2 Na4 22. c3 b4 23. cxb4 Rxb4 24. b3 Nb6 25. Red1 a5 26. Kf2 a4 27. bxa4 Rxa4 28. Rb1 Ra6 29. Rb3 Rc5 30. Nc3 Kg7 31. Rxb6 Rxb6 32. Na4 Rbb5 33. Nxc5 Rxc5 34. a4 Ra5 35. Rd4 Kf6 36. Ke3 Ke5 37. Re4+ Kf6 38. Rf4+ Kg7 39. Re4 Ra7 40. Kd3 f5 41. Rd4 g5 42. Kc3 Kf6 43. g3 h5 44. f4 g4 45. Kb4 Rb7+ 46. Ka3 Rb1 47. a5 Ra1+ 48. Kb4 Ra2 49. Kb5 Rxh2 50. a6 Rc2 51. a7 Rc8 52. Ra4 Ra8 53. Kb6 h4 54. gxh4 Kg6 55. Kb7 Rxa7+ 56. Rxa7 Kh5 57. Kc6 Kxh4 58. Rxe7 Kg3 59. Kxd6 Kxf4 60. Ke6 1-0

[Event "Lvov Cup"]
[Site "Lvov"]
[Date "2019.08.19"]
[Round "3"]
[White "Bogdanovich, Stanislav"]
[Black "Mischuk, Dmitry"]
[Result "1-0"]
[WhiteElo "2603"]
[BlackElo "2371"]
[PlyCount "239"]
[EventDate "2019.08.18"]
[EventType "swiss"]
[EventRounds "9"]
[EventCountry "UKR"]
[SourceTitle "EXT 2020"]
[Source "ChessBase"]
[SourceDate "2019.10.17"]
[SourceVersion "1"]
[SourceVersionDate "2019.10.17"]
[SourceQuality "1"]

1. Nf3 Nf6 2. b3 g6 3. Bb2 Bg7 4. c4 c6 5. g3 d5 6. Bg2 0-0 7. 0-0 a5 8. d3 Nbd7 9. cxd5 Nxd5 10. Bxg7 Kxg7 11. e4 N5f6 12. Qc2 Qb6 13. d4 a4 14. Nc3 axb3 15. axb3 Rxa1 16. Rxa1 Rd8 17. e5 Ne8 18. e6 fxe6 19. Ne4 Nf8 20. Nc5 Nd6 21. Qe2 Nf7 22. Ra8 Qb4 23. Qe3 e5 24. h4 b6 25. Nxe5 Qxd4 26. Qxd4 Rxd4 27. Nxf7 Kxf7 28. Rxc8 bxc5 29. Rxc6 Ne6 30. Ra6 Rd6 31. Ra7 Nd4 32. Rb7 Kf6 33. Kh2 h6 34. Be4 Re6 35. Bd5 Rd6 36. Bc4 Nf3+ 37. Kg2 Nd2 38. Rc7 Rb6 39. Rxc5 Nxb3 40. Rc8 e6 41. Bd3 Nd4 42. Rc7 h5 43. Rc8 Nf5 44. Rf8+ Kg7 45. Ra8 Kf6 46. Rc8 Rb3 47. Bc2 Rb6 48. Rc7 Ra6 49. Be4 Rb6 50. Kh3 Rb4 51. Bc2 Nd4 52. Bd1 Rb2 53. Kg2 Nf5 54. Bc2 Nd4 55. Be4 Re2 56. Bd3 Rd2 57. Rc3 Rb2 58. Rc4 Nf5 59. Bc2 Ra2 60. Rc7 Nd4 61. Be4 Re2 62. Bb7 Rb2 63. Ba6 Nf5 64. Rc3 Rb6 65. Ra3 Nd4 66. Kh3 Rb2 67. Rd3 Rb4 68. Rc3 Rb3 69. Rc4 Rb6 70. Ra4 Nf5 71. Ra3 Nd4 72. Ra4 Nf5 73. Ra3 Nd4 74. Bc4 Rc6 75. Bd3 Rb6 76. Be4 Rb2 77. Rd3 Rb4 78. f3 Nf5 79. Rc3 Nd6 80. Bd3 Rd4 81. Rb3 e5 82. Bb1 e4 83. fxe4 Nxe4 84. Rf3+ Ke5 85. Re3 Kd5 86. Ra3 Rb4 87. Bc2 Rb6 88. Ra5+ Nc5 89. Ra8 Nd7 90. Rd8 Ke6 91. Bxg6 Nf6 92. Rd1 Rb5 93. Re1+ Re5 94. Ra1 Rc5 95. Ra6+ Ke7 96. Kg2 Rb5 97. Kf3 Rc5 98. Kf4 Nd5+ 99. Kf3 Nf6 100. Ra3 Ke6 101. Re3+ Re5 102. Bf7+ Kf5 103. Rxe5+ Kxe5 104. Bg6 Ng8 105. Bxh5 Ne7 106. Bg4 Ng6 107. h5 Ne7 108. Bd7 Nd5 109. h6 Kf6 110. g4 Kg6 111. g5 Ne7 112. Kg4 Kh7 113. Be6 Kh8 114. Bf7 Kh7 115. Kf4 Nc6 116. Kf5 Nd4+ 117. Kf6 Nf3 118. g6+ Kxh6 119. g7 Ng5 120. g8Q 1-0

[Event "Titled Tuesday intern op 6th Aug"]
[Site "Chess.com INT"]
[Date "2019.08.06"]
[Round "8"]
[White "Babazada, Khazar Araz"]
[Black "Bogdanovich, Stanislav"]
[Result "1-0"]
[WhiteElo "2294"]
[BlackElo "2603"]
[PlyCount "59"]
[EventDate "2019.08.06"]
[EventType "swiss (blitz)"]
[EventRounds "10"]
[EventCountry "USA"]
[SourceTitle "EXT 2021"]
[Source "ChessBase"]
[SourceDate "2020.10.23"]
[SourceVersion "1"]
[SourceVersionDate "2020.10.23"]
[SourceQuality "1"]

1. e4 c5 2. Nf3 Nc6 3. d4 cxd4 4. Nxd4 g6 5. c4 Bg7 6. Be3 Nf6 7. Nc3 Ng4 8. Qxg4 Nxd4 9. Qd1 Ne6 10. Be2 Bxc3+ 11. bxc3 Qa5 12. Qd2 b6 13. 0-0 Bb7 14. Bd3 d6 15. Rae1 0-0 16. f4 Nc5 17. f5 Bxe4 18. Bd4 Nxd3 19. Rxe4 Ne5 20. Qh6 f6 21. fxg6 Nxg6 22. h4 Rf7 23. Rg4 e5 24. h5 Rg7 25. hxg6 Kh8 26. Rxf6 exd4 27. Rf7 Qe5 28. cxd4 Qe1+ 29. Kh2 Rag8 30. Qxh7+ 1-0

[Event "Titled Tuesday intern op 6th Aug"]
[Site "Chess.com INT"]
[Date "2019.08.06"]
[Round "6"]
[White "Bogdanovich, Stanislav"]
[Black "Belous, Vladimir"]
[Result "0-1"]
[WhiteElo "2603"]
[BlackElo "2490"]
[PlyCount "80"]
[EventDate "2019.08.06"]
[EventType "swiss (blitz)"]
[EventRounds "10"]
[EventCountry "USA"]
[SourceTitle "EXT 2021"]
[Source "ChessBase"]
[SourceDate "2020.10.23"]
[SourceVersion "1"]
[SourceVersionDate "2020.10.23"]
[SourceQuality "1"]

1. d4 Nf6 2. c4 g6 3. Nc3 Bg7 4. e4 0-0 5. Nf3 d6 6. Be2 Na6 7. 0-0 e5 8. dxe5 dxe5 9. Be3 c6 10. h3 Qe7 11. Qa4 Re8 12. Rfd1 Nc5 13. Qa3 Bf8 14. Nd2 Ne6 15. Qxe7 Bxe7 16. Nf3 Bc5 17. Bh6 Nd4 18. Kf1 Be6 19. Na4 Bd6 20. Nxd4 exd4 21. c5 Bc7 22. Rxd4 Be5 23. Rb4 a5 24. Rxb7 Nxe4 25. Be3 Rab8 26. Rb6 Bd5 27. Rd1 Rbd8 28. b3 f5 29. Ra6 Bc7 30. Ra7 Bb8 31. Rxa5 Ng3+ 32. fxg3 Rxe3 33. Bf3 Bxg3 34. Bxd5+ cxd5 35. Kg1 d4 36. Rf1 d3 37. Nb2 d2 38. c6 Re1 39. Rc5 d1Q 40. Nxd1 Rdxd1 0-1

[Event "Titled Tuesday intern op 6th Aug"]
[Site "Chess.com INT"]
[Date "2019.08.06"]
[Round "7"]
[White "Bogdanovich, Stanislav"]
[Black "Kashlinskaya, Alina"]
[Result "1-0"]
[WhiteElo "2603"]
[BlackElo "2491"]
[PlyCount "105"]
[EventDate "2019.08.06"]
[EventType "swiss (blitz)"]
[EventRounds "10"]
[EventCountry "USA"]
[SourceTitle "EXT 2021"]
[Source "ChessBase"]
[SourceDate "2020.10.23"]
[SourceVersion "1"]
[SourceVersionDate "2020.10.23"]
[SourceQuality "1"]

1. d4 Nf6 2. c4 g6 3. Nc3 Bg7 4. e4 d6 5. Nf3 0-0 6. Be2 e5 7. 0-0 Nc6 8. d5 Ne7 9. Ne1 Nd7 10. Nd3 f5 11. Bd2 Nf6 12. f3 f4 13. c5 h5 14. a4 g5 15. cxd6 cxd6 16. Nf2 Ng6 17. h3 Nh4 18. Qc2 Bd7 19. Rfc1 Rc8 20. Qd1 Qb6 21. a5 Qd4 22. Bb5 Bxh3 23. Ne2 Qxb2 24. Rcb1 Qc2 25. Nxh3 Qc5+ 26. Nf2 g4 27. Bb4 Qxb5 28. Bxd6 Qc4 29. Bxf8 Rxf8 30. Ra3 g3 31. Nd3 Qc8 32. Qf1 Nxe4 33. fxe4 f3 34. Nxg3 fxg2 35. Qe2 Qh3 36. Nf2 Qc8 37. Qxh5 Qc5 38. Ra2 Rf4 39. Qe8+ Kh7 40. Qh5+ Kg8 41. Re2 Qc3 42. Qe8+ Kh7 43. Qh5+ Kg8 44. Kh2 Bf6 45. Rxb7 Nf3+ 46. Kxg2 Nh4+ 47. Kh3 Bg7 48. Qe8+ Kh7 49. Qh5+ Kg8 50. Rb8+ Bf8 51. Qg5+ Kh7 52. Rb7+ Kh8 53. Qh5+ 1-0

[Event "Titled Tuesday intern op 2nd July"]
[Site "Chess.com INT"]
[Date "2019.07.02"]
[Round "8"]
[White "Bogdanovich, Stanislav"]
[Black "Florstedt, Johannes"]
[Result "1-0"]
[WhiteElo "2603"]
[BlackElo "2355"]
[PlyCount "63"]
[EventDate "2019.07.02"]
[EventType "swiss (blitz)"]
[EventRounds "10"]
[EventCountry "USA"]
[SourceTitle "EXT 2021"]
[Source "ChessBase"]
[SourceDate "2020.10.23"]
[SourceVersion "1"]
[SourceVersionDate "2020.10.23"]
[SourceQuality "1"]

1. d4 Nf6 2. c4 g6 3. Nc3 d5 4. cxd5 Nxd5 5. Bd2 Nb6 6. Bf4 Bg7 7. e3 0-0 8. Nf3 c5 9. dxc5 N6d7 10. Be2 Nxc5 11. 0-0 Nc6 12. Rc1 Be6 13. Nb5 Ne4 14. Nc7 Bxa2 15. Nxa8 Qxa8 16. Qa4 Bd5 17. Rc2 a6 18. Bc4 b5 19. Bxd5 bxa4 20. Bxc6 Qc8 21. Bxe4 Qe6 22. Nd2 f5 23. Bd3 Kh8 24. Ra1 h6 25. Rxa4 g5 26. Bc7 Qd7 27. Ra3 Rc8 28. Ba5 Bxb2 29. Rxb2 Rc1+ 30. Nf1 Qd6 31. Rc3 Rxc3 32. Bxc3+ 1-0

[Event "Titled Tuesday intern op 2nd July"]
[Site "Chess.com INT"]
[Date "2019.07.02"]
[Round "4"]
[White "Bogdanovich, Stanislav"]
[Black "Schitco, Ivan"]
[Result "1-0"]
[WhiteElo "2603"]
[BlackElo "2462"]
[PlyCount "139"]
[EventDate "2019.07.02"]
[EventType "swiss (blitz)"]
[EventRounds "10"]
[EventCountry "USA"]
[SourceTitle "EXT 2021"]
[Source "ChessBase"]
[SourceDate "2020.10.23"]
[SourceVersion "1"]
[SourceVersionDate "2020.10.23"]
[SourceQuality "1"]

1. d4 Nf6 2. c4 e6 3. Nf3 d5 4. Nc3 Be7 5. Bg5 0-0 6. e3 Nbd7 7. Rc1 h6 8. Bh4 c5 9. cxd5 Nxd5 10. Bxe7 Nxe7 11. Bb5 cxd4 12. Qxd4 Nf6 13. 0-0 a6 14. Be2 b5 15. Qc5 Ned5 16. Rfd1 Bb7 17. e4 Rc8 18. Qa7 Qb6 19. Qxb6 Nxb6 20. Rd6 Nc4 21. Bxc4 Rxc4 22. Nd2 Rc7 23. f3 Rfc8 24. Nb3 Nd7 25. Rcd1 Ne5 26. Rd8+ Rxd8 27. Rxd8+ Kh7 28. Na5 b4 29. Ne2 Bc6 30. f4 Bb5 31. fxe5 Bxe2 32. Rd2 Bb5 33. Nb3 Kg6 34. Kf2 Rc4 35. Nd4 Be8 36. Ke3 a5 37. Rc2 Rxc2 38. Nxc2 f6 39. Nd4 fxe5 40. Nxe6 Kf6 41. Nc5 Bf7 42. b3 Ke7 43. Nb7 a4 44. Nc5 a3 45. Nd3 Bxb3 46. Nxb4 Be6 47. Nc2 Bxa2 48. Nxa3 Be6 49. Nb5 Kf6 50. Nc3 Bf7 51. Kd3 Be6 52. Nd5+ Kg5 53. Kc4 Kg6 54. Kc5 Bg4 55. Kd6 Be2 56. Kxe5 Bf1 57. Ne3 Ba6 58. Kd6 Kg5 59. e5 Kf4 60. Nd5+ Ke4 61. e6 Kf5 62. Nc7 Bc4 63. e7 Bf7 64. e8Q Bxe8 65. Nxe8 g5 66. Kd5 Kf4 67. Kd4 h5 68. Nf6 h4 69. Nd5+ Kf5 70. h3 1-0

[Event "Titled Tuesday intern op 2nd July"]
[Site "Chess.com INT"]
[Date "2019.07.02"]
[Round "7"]
[White "Krishnan, Varun"]
[Black "Bogdanovich, Stanislav"]
[Result "0-1"]
[WhiteElo "2244"]
[BlackElo "2603"]
[PlyCount "62"]
[EventDate "2019.07.02"]
[EventType "swiss (blitz)"]
[EventRounds "10"]
[EventCountry "USA"]
[SourceTitle "EXT 2021"]
[Source "ChessBase"]
[SourceDate "2020.10.23"]
[SourceVersion "1"]
[SourceVersionDate "2020.10.23"]
[SourceQuality "1"]

1. e4 c5 2. Nf3 Nc6 3. d4 cxd4 4. Nxd4 g6 5. Nc3 Bg7 6. Be3 Nf6 7. Bc4 Qa5 8. 0-0 0-0 9. Bb3 d6 10. f3 Bd7 11. Qd2 Rfc8 12. h3 Ne5 13. f4 Nc4 14. Bxc4 Rxc4 15. Qd3 Rac8 16. Bf2 e5 17. Nb3 Qa6 18. fxe5 dxe5 19. Bh4 Rxc3 20. Qxa6 bxa6 21. Bxf6 Rxc2 22. Bxg7 Kxg7 23. Rab1 Be6 24. Rf3 Re2 25. Rd3 Rcc2 26. Rg3 h5 27. Rc1 Rxc1+ 28. Nxc1 Re1+ 29. Kf2 Rxc1 30. Rc3 Rxc3 31. bxc3 Bxa2 0-1